Platón és a pharmakon, avagy túl igazságon és hazugságon? – Derrida Platón patikájában
Elmentve itt :
| Szerző: | |
|---|---|
| Testületi szerző: | |
| Dokumentumtípus: | Könyv része |
| Megjelent: |
2014
|
| Sorozat: | Lábjegyzetek Platónhoz
12 A hazugság 12 |
| Kulcsszavak: | Jacques Derrida, Platon, Szemantika - nyelvészeti - posztmodern, Dekonstrukció, Metafizika |
| Tárgyszavak: | |
| Online Access: | http://acta.bibl.u-szeged.hu/49305 |
| LEADER | 00965naa a2200241 i 4500 | ||
|---|---|---|---|
| 001 | acta49305 | ||
| 005 | 20220107105136.0 | ||
| 008 | 170721s2014 hu o 0|| hun d | ||
| 020 | |a 978 963 88812 6 7 | ||
| 022 | |a 1785 7082 | ||
| 040 | |a SZTE Egyetemi Kiadványok Repozitórium |b hun | ||
| 041 | |a hun | ||
| 100 | 1 | |a Lurcza Zsuzsanna | |
| 245 | 1 | 0 | |a Platón és a pharmakon, avagy túl igazságon és hazugságon? – Derrida Platón patikájában |h [elektronikus dokumentum] / |c Lurcza Zsuzsanna |
| 260 | |c 2014 | ||
| 300 | |a 342-356 | ||
| 490 | 0 | |a Lábjegyzetek Platónhoz |v 12 | |
| 490 | 0 | |a A hazugság |v 12 | |
| 650 | 4 | |a Bölcsészettudományok | |
| 650 | 4 | |a Filozófia, etika és vallástudományok | |
| 695 | |a Jacques Derrida, Platon, Szemantika - nyelvészeti - posztmodern, Dekonstrukció, Metafizika | ||
| 710 | |a Lábjegyzetek Platónhoz: A hazugság (2013) (Szeged) | ||
| 856 | 4 | 0 | |u http://acta.bibl.u-szeged.hu/49305/1/platonhoz_012_342-356.pdf |z Dokumentum-elérés |